000 00835nam a2200241Ii 4500
003 JO-AjNU
008 230605s9999||||xx |||||||||||||| ||und||
017 _a2003/18735
020 _a977-6109-68-3
040 _aJO-AjNU
_bara
_erda
_cJO-AjNU
041 _aara
050 1 4 _aG63.2004
100 3 _aإعداد، مصطفى أحمد أحمد ، حسام الدين إبراهيم عثمان,
_eauthor
_915713
245 0 0 _aالموسوعة الجغرافية: المدن - الموانئ
250 _aط1
264 3 1 _aالقاهرة: دار العلوم للنشر،2004
300 _aج4، 223ص
336 _atext
_btxt
_2rdacontent
337 _aunmediated
_bn
_2rdamedia
338 _avolume
_bnc
_2rdacarrier
490 0 _aالموسوعة الجغرافية
650 4 _aالجغرافيا -- دوائر معارف
_915714
999 _aA4501
_c8069
_d8069